MARC details
| 000 -LEADER |
| fixed length control field |
01368cam a2200361 a 4500 |
| 001 - CONTROL NUMBER |
| control field |
1141600 |
| 003 - CONTROL NUMBER IDENTIFIER |
| control field |
OSt |
| 005 - DATE AND TIME OF LATEST TRANSACTION |
| control field |
20250129112839.0 |
| 008 - FIXED-LENGTH DATA ELEMENTS--GENERAL INFORMATION |
| fixed length control field |
950123s1995 nyu 001 0deng |
| 010 ## - LIBRARY OF CONGRESS CONTROL NUMBER |
| LC control number |
95001665 |
| 020 ## - INTERNATIONAL STANDARD BOOK NUMBER |
| International Standard Book Number |
0385413726 |
| 040 ## - CATALOGING SOURCE |
| Original cataloging agency |
DLC |
| Transcribing agency |
DLC |
| Modifying agency |
DLC |
| 043 ## - GEOGRAPHIC AREA CODE |
| Geographic area code |
ma----- |
| -- |
a-is--- |
| -- |
a-le--- |
| 050 00 - LIBRARY OF CONGRESS CALL NUMBER |
| Classification number |
DS119.7 |
| Item number |
.F736 1995 |
| 082 00 - DEWEY DECIMAL CLASSIFICATION NUMBER |
| Classification number |
956.04 |
| Edition number |
20 |
| 100 1# - MAIN ENTRY--PERSONAL NAME |
| Personal name |
Friedman, Thomas L. |
| 245 10 - TITLE STATEMENT |
| Title |
From Beirut to Jerusalem : |
| Remainder of title |
updated with a new chapter / |
| Statement of responsibility, etc. |
Thomas L. Friedman. |
| 260 ## - PUBLICATION, DISTRIBUTION, ETC. (IMPRINT) |
| Place of publication, distribution, etc. |
New York : |
| Name of publisher, distributor, etc. |
Anchor Books, Doubleday, |
| Date of publication, distribution, etc. |
c1995. |
| 300 ## - PHYSICAL DESCRIPTION |
| Extent |
xv, 588 p. ; |
| Dimensions |
21 cm. |
| 500 ## - GENERAL NOTE |
| General note |
Includes index. |
| 600 10 - SUBJECT ADDED ENTRY--PERSONAL NAME |
| Personal name |
Friedman, Thomas L. |
| General subdivision |
Travel |
| Geographic subdivision |
Middle East. |
| 650 #0 - SUBJECT ADDED ENTRY--TOPICAL TERM |
| Topical term or geographic name as entry element |
Arab-Israeli conflict |
| Chronological subdivision |
1973-1993. |
| 650 #0 - SUBJECT ADDED ENTRY--TOPICAL TERM |
| Topical term or geographic name as entry element |
Arab-Israeli conflict |
| Chronological subdivision |
1993- |
| 651 #0 - SUBJECT ADDED ENTRY--GEOGRAPHIC NAME |
| Geographic name |
Middle East |
| General subdivision |
Politics and government |
| Chronological subdivision |
1979- |
| 651 #0 - SUBJECT ADDED ENTRY--GEOGRAPHIC NAME |
| Geographic name |
Lebanon |
| General subdivision |
History |
| Chronological subdivision |
Israeli intervention, 1982-1985. |
| 651 #0 - SUBJECT ADDED ENTRY--GEOGRAPHIC NAME |
| Geographic name |
Lebanon |
| General subdivision |
Politics and government |
| Chronological subdivision |
1975-1990. |
| 651 #0 - SUBJECT ADDED ENTRY--GEOGRAPHIC NAME |
| Geographic name |
Lebanon |
| General subdivision |
Politics and government |
| Chronological subdivision |
1990- |
| 651 #0 - SUBJECT ADDED ENTRY--GEOGRAPHIC NAME |
| Geographic name |
Israel |
| General subdivision |
Politics and government |
| Chronological subdivision |
1967-1993. |
| 856 42 - ELECTRONIC LOCATION AND ACCESS |
| Materials specified |
Publisher description |
| Uniform Resource Identifier |
<a href="http://www.loc.gov/catdir/description/random041/95001665.html">http://www.loc.gov/catdir/description/random041/95001665.html</a> |
| 906 ## - LOCAL DATA ELEMENT F, LDF (RLIN) |
| a |
7 |
| b |
cbc |
| c |
orignew |
| d |
1 |
| e |
ocip |
| f |
19 |
| g |
y-gencatlg |
| 942 ## - ADDED ENTRY ELEMENTS (KOHA) |
| Source of classification or shelving scheme |
Dewey Decimal Classification |
| Koha item type |
Books |